Русская история (Запись № 4930037)

Подробности
000 -МАРКЕР
контрольное поле 01434nam1a2200313 4500
001 - ИДЕНТИФИКАТОР ЗАПИСИ
контрольное поле v19\rc\1746599
005 - ИДЕНТИФИКАТОР ВЕРСИИ
контрольное поле 20260406101232.0
035 ## - ДРУГИЕ СИСТЕМНЫЕ НОМЕРА
Идентификатор записи (NLR Aleph) 004851954
100 ## - ДАННЫЕ ОБЩЕЙ ОБРАБОТКИ
Данные общей обработки 20260215 rusy50
101 0# - ЯЗЫК РЕСУРСА
Язык текста, звукозаписи и т.д. русский
102 ## - СТРАНА ПУБЛИКАЦИИ ИЛИ ПРОИЗВОДСТВА
Страна публикации Российская Федерация
105 ## - ПОЛЕ КОДИРОВАННЫХ ДАННЫХ: ТЕКСТОВЫЕ МАТЕРИАЛЫ, МОНОГРАФИЧЕСКИЕ
Кодированные данные о монографическом текстовом документе ||||z||||||y|
200 1# - ЗАГЛАВИЕ И СВЕДЕНИЯ ОБ ОТВЕТСТВЕННОСТИ
Основное заглавие Русская история
Сведения, относящиеся к заглавию чтения для московских фабрично-заводских рабочих
-- [в 13 вып.
-- сочинение] В. Назаревского
210 ## - ПУБЛИКАЦИЯ, РАСПРОСТРАНЕНИЕ И ДР.
Место издания, распространения и т.д. Москва
Имя издателя, распространителя и т. д. Университетская типография
Дата издания, распространения и т.д. 1902–1910
215 ## - ФИЗИЧЕСКАЯ ХАРАКТЕРИСТИКА
Размеры 24–26
300 ## - ОБЩИЕ ПРИМЕЧАНИЯ
Текст примечания С вып. 7 по 9 убран подзаг.
316 ## - ПРИМЕЧАНИЯ ОБ ОСОБЕННОСТЯХ ЭКЗЕМПЛЯРА
Текст примечания Экз РНБ (34.5.1.133) вып. 1–5, 6–8, 9–10, 11–13 сплетены в пер. с сохранением самостоят. обл. с золотым тиснением на корешке, с суперэкслибрисом Имп. б-ки: изобр. герба и буквы "И. Б."
Организация и экземпляр, к которому относится поле NLR: 34.5.1.133
700 #1 - ИМЯ ЛИЦА - ПЕРВИЧНАЯ ОТВЕТСТВЕННОСТЬ
Графика поля Кириллица
Материалы, к которым относится поле rus
Начальный элемент ввода Назаревский
Часть имени, кроме начального элемента ввода В. В.
Даты -1919
Расширение инициалов личного имени Владимир Владимирович
Системный номер авторитетной/нормативной записи 2696540
Идентификатор авторитетной/нормативной записи RU\NLR\AUTH\770289817
852 ## - МЕСТОНАХОЖДЕНИЕ И ШИФР ХРАНЕНИЯ
Идентификатор организации NLR
Шифр хранения (Call Number) 34.5.1.133
899 ## - ДАННЫЕ О МЕСТОНАХОЖДЕНИИ (устаревшее)
Местонахождение RuMoRGB
Шифр хранения F 79/148
899 ## - ДАННЫЕ О МЕСТОНАХОЖДЕНИИ (устаревшее)
Местонахождение RuMoRGB
Шифр хранения U 244/47
899 ## - ДАННЫЕ О МЕСТОНАХОЖДЕНИИ (устаревшее)
Местонахождение БАН
899 ## - ДАННЫЕ О МЕСТОНАХОЖДЕНИИ (устаревшее)
Местонахождение НБ СПбГУ
899 ## - ДАННЫЕ О МЕСТОНАХОЖДЕНИИ (устаревшее)
Местонахождение ГПИБ
899 ## - ДАННЫЕ О МЕСТОНАХОЖДЕНИИ (устаревшее)
Местонахождение НБ МГУ
942 ## - ДОПОЛНИТЕЛЬНЫЕ ЭЛЕМЕНТЫ ЗАПИСИ (АБИС)
Тип экземпляра АБИС Неопределено
980 ## - КОЛЛЕКЦИЯ
Название коллекции Национальная библиография

Нет доступных экземпляров.